Normal view
MARC view
Entry Personal Name
001 - CONTROL NUMBER
- control field: 83087
003 - CONTROL NUMBER IDENTIFIER
- control field: dpl
005 - DATE AND TIME OF LATEST TRANSACTION
- control field: 20250718151649.0
008 - FIXED-LENGTH DATA ELEMENTS
- fixed length control field: 250718|| aca||aabn | a|a d
040 ## - CATALOGING SOURCE
- Original cataloging agency: dpl
- Transcribing agency: dpl
100 ## - HEADING--PERSONAL NAME
- Personal name: Pinto, Xavier
670 ## - SOURCE DATA FOUND
- Source citation: Work cat.: (dpl)212436: Pinto, Xavier, Julius Caesar/, 2025
